000 00407pab a2200157 454500
008 180718b2006 xxu||||| |||| 00| 0 eng d
100 _aKanwal, Gurmeet
245 _aCoercive force and national security in the Indian context
260 _c2006
300 _ap.1-20.
362 _aJan-Mar
650 _aState security - India
650 _aState security
773 _aIndia Quarterly
909 _a71136
999 _c71136
_d71136